000 00499cam a2200157 4500500
005 20260329015448.0
041 _afre
042 _adc
100 1 0 _aChampion, Yannick
_eauthor
700 1 0 _aBlétry, Marc
_eauthor
245 0 0 _aMechanical properties of metallic glass
260 _c2026.
500 _a4
786 0 _nGlasses and ceramics | - | 2026-03-05 | p. 4-4
856 4 1 _uhttps://stm.cairn.info/glass-science-and-technology--bdti42573210-n2720-page-4?lang=en&redirect-ssocas=7080
999 _c1898149
_d1898149